000
00340nam a2200145Ia 4500
003
OSt
008
191201s2009 xx 000 0 und d
100
_a
SAHNI, Rahul
245
0
_a
Microprocessors and Interfacing
250
_a
1st
260
_a
N. Delhi
_b
Ishan Publications
_c
2009
300
_a
416
650
_a
B.Tech(CSE)
942
_2
ddc
_c
BK
999
_c
124
_d
124